TEXTBOOK OF ORGANISATIONAL BEHAVIOUR (Record no. 12384)

MARC details
000 -LEADER
fixed length control field 00383nam a22001577a 4500
003 - CONTROL NUMBER IDENTIFIER
control field OSt
008 - FIXED-LENGTH DATA ELEMENTS--GENERAL INFORMATION
fixed length control field 240403b |||||||| |||| 00| 0 eng d
020 ## - INTERNATIONAL STANDARD BOOK NUMBER
International Standard Book Number 9788121943017
100 ## - MAIN ENTRY--PERSONAL NAME
Personal name GUPTA, C.B
245 ## - TITLE STATEMENT
Title TEXTBOOK OF ORGANISATIONAL BEHAVIOUR
250 ## - EDITION STATEMENT
Edition statement 1st
260 ## - PUBLICATION, DISTRIBUTION, ETC. (IMPRINT)
Place of publication, distribution, etc New Delhi
Name of publisher, distributor, etc S.Chand
Date of publication, distribution, etc 2023
300 ## - PHYSICAL DESCRIPTION
Extent xxii,306
650 ## - SUBJECT ADDED ENTRY--TOPICAL TERM
Topical term or geographic name as entry element PHARMACY GENERAL BOOKS
942 ## - ADDED ENTRY ELEMENTS (KOHA)
Source of classification or shelving scheme Dewey Decimal Classification
Koha item type Text Books
Holdings
Withdrawn status Lost status Source of classification or shelving scheme Damaged status Not for loan Collection code Home library Current library Date acquired Source of acquisition Currency Cost, normal purchase price Bill Number Total Checkouts Full call number Acc. no. / Barcode Date last seen Actual Cost, discounted price Bill Date Koha item type
    Dewey Decimal Classification     B.Pharma PIET C-LIBRARY PIET C-LIBRARY 02/04/2024 ZAFAA BOOKS RUPEES 295.00 ZBDO459   658.5 GUT BP2447 03/04/2024 206.50 23/03/2024 Reference Books
    Dewey Decimal Classification     B.Pharma PIET C-LIBRARY PIET C-LIBRARY 02/04/2024 ZAFAA BOOKS RUPEES 295.00 ZBDO459   658.5 GUT BP2448 03/04/2024 206.50 23/03/2024 Text Books
    Dewey Decimal Classification     B.Pharma PIET C-LIBRARY PIET C-LIBRARY 02/04/2024 ZAFAA BOOKS RUPEES 295.00 ZBDO459   658.5 GUT BP2449 03/04/2024 206.50 23/03/2024 Text Books

Design & Developed by: PIET Central Library
R70 Miles Stone Pattikalyana Samalkha Panipat 132102
mail ID :- [email protected], Phone No:- 0180-2569700 Ex.216